Normal view
MARC view
Entry Personal Name
001 - CONTROL NUMBER
- control field: 1767
003 - CONTROL NUMBER IDENTIFIER
- control field: ARRUPE
005 - DATE AND TIME OF LATEST TRANSACTION
- control field: 20131001122402.0
008 - FIXED-LENGTH DATA ELEMENTS
- fixed length control field: 131001|| aca||aabn | a|a d
040 ## - CATALOGING SOURCE
- Original cataloging agency: ARRUPE
- Transcribing agency: ARRUPE
100 ## - HEADING--PERSONAL NAME
- Personal name: Catherine,
- Titles and other words associated with a name: of Siena, Saint,
- Dates associated with a name: 1347-1380.
670 ## - SOURCE DATA FOUND
- Source citation: Work cat.: (ARRUPE)0: Brophy, Donald, 1934- 1766, Catherine of Siena :, c2010.